000 00584nam a2200217Ia 4500
003 OSt
005 20250707105923.0
008 210210b2011 xxu||||| |||| 00| 0 eng d
020 _a8121908124
040 _cAL
041 _aeng
082 _a543 PANP
100 _aPandey O P
_9217574
245 _aPractical chemistry : for BSc I II and III year students of all Indian universities
260 _aNew Delhi
_bS. Chand & Co. Ltd.
_c2011
300 _ax-284p.
690 _aAnalytical Chemistry
_9217589
700 _aBajpai D N
_9217590
906 _a065765
942 _2ddc
_cBK
999 _c146498
_d146498